Bedside stories

Salvato in:
Dettagli Bibliografici
Autori principali: Fernández Cubas, Cristina (Autore), Marín, José maría (Autore), Serrano, Miguel Angel (Autore), Calvo, Ester (Autore), Valle, Francisco Ignacio del (Autore), García, Arcadio (Autore)
Natura: Libro
Lingua:inglese
Pubblicazione: Nh Hoteles 2003
Soggetti:
Tags: Aggiungi Tag
Nessun Tag, puoi essere il primo ad aggiungerne!!

MARC

LEADER 00000cam a2200000 a 4500
001 UCF6277
003 CL-VaPUC
008 130418e20030000SP |||||||||||||||||eng|d
082 0 4 |a 863  |b FER  |2 21 
100 0 |a Fernández Cubas, Cristina  |e author  |9 568281 
700 0 |a Marín, José maría  |e author  |9 568282 
700 0 |a Serrano, Miguel Angel  |e author  |9 568283 
700 0 |a Calvo, Ester  |e author  |9 568284 
700 0 |a Valle, Francisco Ignacio del  |e author  |9 568285 
700 0 |a García, Arcadio  |e author  |9 568286 
245 1 0 |a Bedside stories 
300 |a v 
942 |c BK 
945 |d 20130418 00:00:00  |a dcastane 
260 |b Nh Hoteles  |c 2003 
650 0 |a Novelas españolas  |9 265052 
650 0 |a Literatura española  |9 306261 
583 |a last modification  |c 20130418 10:21:00  |k Rodrigo Vera 
999 |c 351549  |d 351547 
952 |0 0  |1 0  |4 0  |6 863_000000000000000_FER_2003  |7 0  |8 A  |9 455730  |a BIBEDU  |b BIBEDU  |d 2019-11-22  |h v.1  |i 4947681  |o 863 FER 2003  |p 4947681  |r 2019-11-22  |w 2019-11-22  |y BK  |k LIT